000 01049nam a2200217Ia 4500
003 Ost
005 20260507075355.0
008 260507s9999||||xx |||||||||||||| ||und||
020 _a10163599579
040 _cfsecg
041 _aara
082 _a330
100 _aحمو، حجاج قاسم
_eمؤلف
245 0 _aالعالمية والعولمة :
_bنحو عالمية تعددية وعولمة انسانية دراسة تحليلية مقارنة للمفهومين /
_c حجاج قاسم حمو
260 _aعمان:
_bمركز الكتاب الأكاديمي,
_c2010
300 _a470 صفحة؛
_bإيضاحات ؛
_c25 سم
504 _aالمراجع ص.446
520 _aأهمية المفاهيم مشكلاتها وقضاياها- مفهوم العالمية، التعريف والتاريخ- مرجعية ومكونات فكرة العالمية- العولمة التعريف والمقارنة بالعالمية- تقويم العلاقات عالمية وعولمة
653 _aالعولمة
942 _cكتاب
999 _c44208
_d44208